000
00286nam a22001337a 4500
008
170309b xxu||||| |||| 00| 0 eng d
020
_a
0721624138
041
_a
eng
080
_2
4ED
_a
611
100
_a
611
101
_a
SHM
245
_a
DEVELOPING HUMAN
_c
MOORE.K.L
942
_2
udc
_c
BK
999
_c
7294
_d
7294